Electronic prescribing of controlled substances : addressing health care and law enforcement priorities : hearing before the Committee on the Judiciary, United States Senate, One Hundred Tenth Congress, first session, December 4, 2007.

Bibliographic Details
Corporate Author: United States. Congress. Senate. Committee on the Judiciary
Format: Government Document eBook
Language:English
Published: Washington : U.S. G.P.O., 2008.
Series:S. hrg. ; 110-922
Subjects:
Online Access:Electronic resource (PDF)

MARC

Tag First Indicator Second Indicator Subfields
LEADER 00000cam a22000001a 4500
001 in00004099621
005 20200117091217.0
006 m d f
007 cr bn mmmapmmp
008 100129s2008 dcu ob f000 0 eng d
035 |a chdc201001375 
040 |a UMI  |c UMI  |d UtOrBLW 
042 |a pcc 
043 |a n-us--- 
074 |a 1042-A 
086 0 |a Y 4.J 89/2:S.HRG.110-922 
088 |a Serial no. J-110-64 (United States. Congress. Senate. Committee on the Judiciary) 
110 1 |a United States.  |b Congress.  |b Senate.  |b Committee on the Judiciary.  |0 http://id.loc.gov/authorities/names/n82209587 
245 1 0 |a Electronic prescribing of controlled substances :  |b addressing health care and law enforcement priorities : hearing before the Committee on the Judiciary, United States Senate, One Hundred Tenth Congress, first session, December 4, 2007. 
264 1 |a Washington :  |b U.S. G.P.O.,  |c 2008. 
264 2 |a Washington :  |b For sale by the Supt. of Docs., U.S. G.P.O. 
300 |a iii, 125 pages, digital, PDF file. 
336 |a text  |b txt  |2 rdacontent 
337 |a computer  |b c  |2 rdamedia 
338 |a online resource  |b cr  |2 rdacarrier 
490 1 |a S. hrg. ;  |v 110-922 
500 |a Shipping list number: 2010-0092-P. 
504 |a Includes bibliographical references. 
500 |a "Serial number J-110-64." 
500 |a Record is based on bibliographic data in ProQuest Congressional Hearings Digital Collection. Reuse except for individual research requires license from ProQuest, LLC. 
500 |a Electronic resource. 
533 |a Electronic reproduction.  |b [Bethesda, Md.] :  |c ProQuest,  |d 2010.  |e digital, PDF file.  |n ProQuest U.S. Congressional Hearings Digital Collection.  |n Mode of access: World Wide Web via ProQuest website. 
538 |a System requirements: PDF reader software. 
650 0 |a Drugs  |x Prescribing  |x Law and legislation  |z United States. 
650 0 |a Drugs of abuse  |z United States. 
650 0 |a Medical informatics  |z United States.  |0 http://id.loc.gov/authorities/subjects/sh2010101250 
650 0 |a Medical records  |z United States  |x Data processing.  |0 http://id.loc.gov/authorities/subjects/sh85083017 
776 0 8 |i Print version:   |a United States. Congress. Senate. Committee on the Judiciary.  |t Electronic prescribing of controlled substances  |w 9780160849244  |w 0160849241  |w (OCoLC)ocn496147363  |z 2009526379 
776 0 8 |i Microfiche version:   |a United States. Congress. Senate. Committee on the Judiciary.  |t Electronic prescribing of controlled substances  |d [Bethesda, Md.] : ProQuest,[2010]  |o CIS 2010 S521-11  |w (ProQuest)cis01003379  
810 1 |a United States.  |b Congress.  |b Senate.  |t S. hrg. ;  |v 110-922.  |0 http://id.loc.gov/authorities/names/n83707917 
856 4 0 |u http://proxy.library.tamu.edu/login?url=http://search.proquest.com/congcomp/getdoc?HEARING-ID=HRG-2007-SJS-0074  |y Electronic resource (PDF)  |t 0 
998 |a cis01003379  
999 f f |s 2b44e131-560d-33cb-b7a6-fc3ce3ec570d  |i f294521b-1613-3f11-a022-d0470c720351  |t 0 
952 f f |a Texas A&M University  |b College Station  |c Electronic Resources  |d Available Online  |t 0  |e Y 4.J 89/2:S.HRG.110-922  |h Superintendent of Documents classification 
998 f f |a Y 4.J 89/2:S.HRG.110-922  |t 0  |l Available Online